00441pab a2200145 454500008004000000100002000040245006400060260000900124300001400133362000800147650003800155650004200193650002600235773003400261180718b1998 xxu||||| |||| 00| 0 eng d aPlater, William aUsing tenure: citizenship within the new academic workforce c1998 ap.680-715 aFeb aEducation, Higher - United States aEducational personnel - United States aEducational personnel aAmerican Behavioral Scientist